000 03117nam a2200421 i 4500
001 76252
003 0
005 20241217151259.0
006 m o u
007 cr cn|||||||||
008 220303s2020 ck b o 000 0 spa d
020 _a978-958-789-160-7
_q(e-book)
020 _z978-958-789-159-1
035 _a(OCoLC)1304900912
040 _aFINmELB
_bspa
_erda
_cFINmELB
050 4 _aHB1321
_b.F574 2020
082 0 4 _a304.64
_223
100 1 _aFlórez Lozano, Karen,
_eautor.
245 1 0 _aAtlas de mortalidad de la región Caribe colombiana 2008-2015 :
_bmapeo y análisis desde el enfoque bayesiano /
_cKaren Flórez Lozano, Kenedith Méndez Gutiérrez, Edgar Navarro Lechuga; asesor, Antonio López Quílez.
264 1 _aBarranquilla, Colombia :
_bEditorial Universidad del Norte,
_c2020.
300 _a1 recurso en línea (144 páginas) :
_bmapas, cuadros, gráficas
336 _atexto
_btxt
_2rdacontent/spa
337 _acomputadora
_bc
_2rdamedia/spa
338 _arecurso en línea
_bcr
_2rdacarrier/spa
505 0 _aPÁGINA LEGAL -- CONTENIDO -- PRESENTACIÓN -- PRÓLOGO -- RESUMEN -- INTRODUCCIÓN -- MATERIALES Y MÉTODOS -- REPRESENTACIÓN GEOGRÁFICA DE LA RAZÓN DE MORTALIDAD ESTANDARIZADA SUAVIZADA (RMES) -- REPRESENTACIÓN GEOGRÁFICA DE QUE LA PROBABILIDAD DE LA RMES SEA SUPERIOR A 100 -- FUNCIÓN DE DENSIDAD DE LAS RAZONES DE MORTALIDAD MUNICIPALES -- TASAS ANUALES AJUSTADAS POR EDAD SEGÚN EL MÉTODO DIRECTO -- GUÍA DEL LECTOR -- NOMENCLATURA -- INFORMACIÓN EN FORMATO ELECTRÓNICO -- CALIDAD DE LOS DATOS -- RESULTADOS -- DESCRIPCIÓN DE LOS RESULTADOS -- REPRESENTACIÓN GRÁFICA DE LOS RESULTADOS -- ANEXO METODOLÓGICO -- REFERENCIAS.
520 _aEsta obra ofrece la caracterización geoepidemiológica de la tendencia y riesgos de mortalidad en el Caribe colombiano entre los años 2008-2015; para ello se tuvieron en cuenta las causas y riesgos de muerte en los distintos departamentos, según la edad y sexo. La investigación, desarrollada por un equipo multidisciplinar de la Universidad del Norte, logró estimar el riesgo de mortalidad de las 23 principales patologías que afectan a los individuos de la región, mediante el uso de técnicas estadísticas bayesianas. La información proporcionada es de gran utilidad para la formulación de programas de promoción de la salud y la elaboración de políticas dirigidas a la prevención de enfermedades.
588 _aDescripción basada en metadatos suministrados por el editor y otras fuentes.
590 _aRecurso electrónico. Santa Fe, Arg.: elibro, 2022. Disponible vía World Wide Web. El acceso puede estar limitado para las bibliotecas afiliadas a elibro.
650 0 _aMortality
_vStatistical methods.
650 4 _aMortalidad
_zCaribe (Región, Colombia)
_vEstadísticas
_y2008-2015.
655 4 _aLibros electrónicos.
700 1 _aMéndez Gutiérrez, Kenedith.
700 1 _aNavarro Lechuga, Edgar.
700 1 _aLópez Quílez, Antonio,
_easesor.
797 2 _aelibro, Corp.
856 4 0 _uhttps://elibro.net/ereader/politecnicointernacional/185004
942 _cLIBROS
999 _c76252
_d76252